|
|
|
|
| LEADER |
00809nam a2200193Ia 4500 |
| 001 |
CTU_33553 |
| 008 |
210402s9999 xx 000 0 und d |
| 082 |
|
|
|a 907
|
| 082 |
|
|
|b Ng454/1996
|
| 100 |
|
|
|a Trần Trung Ngôn
|
| 245 |
|
0 |
|a Sử dụng trực quan trong dạy học chương trình lịch sử lớp 11 ở trường phổ thông trung học
|
| 245 |
|
0 |
|b Luận văn tốt nghiệp Đại học Sư phạm ngành Sử khóa 18
|
| 245 |
|
0 |
|c Trần Trung Ngôn
|
| 260 |
|
|
|a Cần Thơ
|
| 260 |
|
|
|b Trường Đại học Cần Thơ, Khoa Sư phạm, Bộ môn Lịch sử
|
| 260 |
|
|
|c 1996
|
| 650 |
|
|
|a history - study and teaching
|
| 904 |
|
|
|i Nguyễn Quang Điền, 991102
|
| 980 |
|
|
|a Trung tâm Học liệu Trường Đại học Cần Thơ
|